02775cam a2200409 a 4500999001500000001000900015003000600024005001700030008004100047010001300088020001500101020001800116020001800134020001500152035007000167040012700237082002100364092001800385100002100403245011200424260003800536300002400574336002600598337002800624338002700652490004600679504005700725505129600782630004402078630003702122630003702159630003902196630003802235630003602273830004302309942001302352 c5083d508318836906OCoLC20181220115007.0880205s1982 txu b 000 0 eng  a88415087 a0849901618 a9780849901614 a9780849932816 a0849932815 a(OCoLC)18836906z(OCoLC)8934738z(OCoLC)9700628z(OCoLC)855186736 aDLCbengcDLCdOCLdBAKERdBTCTAdLGGdOCLCQdOCLCOdMALdJANdIGRdCFTdOCLCAdOCLCFdMXLdCFTdOCLCQdIGRdOCLdIDAdBSC aREF 225.7bD923C a227.407bD93g1 aDunnam, Maxie D.14aThe communicator's commentary.pGalatians, Ephesians, Philippians, Colossians, Philemon /cMaxie D. Dunnam. aWaco, Tex. :bWord Books,c©1982 a420 pages ;c24 cm. atextbtxt2rdacontent aunmediatedbn2rdamedia avolumebnc2rdacarrier1 aThe Communicator's commentary series ;v8 aIncludes bibliographical references (pages 419-420).0 aI. Introduction to Galatians -- An outline of Galatians -- The man and his message (1:1-24) -- Paul stakes his claim (2:1-21) -- Justification by faith (3:1-29) -- Sons and heirs of God (4:1-31) -- Practical implications of the gospel (5:1-26) -- The shared life of the people of God (6:1-18) -- II. Introduction to Ephesians -- An outline of Ephesians -- God's plan and our place in it (1:1-14) -- God's redemptive power for a new humanity (1:15-2:22) -- The mystery and meaning of faith (3:1-21) -- The church: United in Christ, propelled by hope, equipped for ministry (4:1-16) -- The walk of a new persons (4:17-5:21) -- Relationships in Christ (5:22-6:9) -- Strong in the Lord (6:10-24) -- III. Introduction to Philippians -- An outline of Philippians -- Partnership in the gospel (1:1-30) -- Servants of the servant who is Lord (2:1-3:1) -- What really matters (3:2-19) -- Citizens of heaven (3:20-4:23) -- IV. Introduction to Colossians -- An outline of Colossians -- A question of identity (1:1-14) -- The centrality of the all-sufficient Christ (1:15-24) -- The secret: Christ in you (1:24-2:19) -- The new life in Christ (2:20-3:17) -- A Christian style of relationships (3:18-4:18) -- V. Introduction to Philemon -- An outline of Philemon -- A letter of love and challenge (1-25).00aBible.pEpistles of PaulvCommentaries.00aBible.pGalatiansvCommentaries.00aBible.pEphesiansvCommentaries.00aBible.pPhilippiansvCommentaries.00aBible.pColossiansvCommentaries.00aBible.pPhilemonvCommentaries. 0aCommunicator's commentary series ;v8. 2ddccREF